000 00333nam a2200145Ia 4500
008 230718s9999 xx 000 0 und d
041 _aEng.
082 _a1881.43
_bالف-ب
100 _aالف
245 0 _aبال جبریل
260 _aPakistan
_bنکاح پبلشر
_c1998
300 _a988
650 _aLaw
999 _c28808
_d28808